تقنية نظم المعلومات (رقم التسجيلة. 19338)

تفاصيل مارك
000 -الفاتح
حقل البيانات ثابتة الطول 00539nam a22001697a 4500
003 - محدد رقم الضبط
رقم الضبط OSt
005 - وقت وتاريخ اخر تعامل مع التسجيلة
رقم الضبط 20150408113954.0
008 - عناصر البيانات ثابتة الطول - معلومات عامة
حقل البيانات ثابتة الطول 111207t xxu||||| |||| 00| 0 eng d
040 ## - مصدر الفهرسة
وكالة الفهرسة الأصلية mu
لغة الفهرسة ara
وكالة النسخ mb
082 ## - رقم تصنيف ديوى العشرى
رقم الطبعة 21
رقم التصنيف 004.21
100 ## - المدخل الرئيسى - إسم شخصى
الإسم الشخصى بدر ، محمد ابراهيم محمد
9 (RLIN) 7280
245 ## - بيان العنوان
العنوان تقنية نظم المعلومات
بيان المسئوليه,etc محمد ابراهيم محمد بدر
260 ## - PUBLICATION, DISTRIBUTION, ETC. (IMPRINT)
مكان الناشر او الموزع الرياض
اسم الناشر او الموزع مكتبة الرشد
تاريخ النشر أو التوزيع 200-؟
300 ## - الوصف المادى
التعداد 376 ص
أبعاد الوعاء 24 سم
650 ## - المدخل الاضافى بالموضوع-مصطلح موضوعى
مصطلح موضوعي أو اسم جغرافي كعنصر مدخل أنظمة المعلومات
9 (RLIN) 7281
942 ## - عناصر المدخل الإضافي( كوها)
مصدر التصنيف او مخطط الترفيف Dewey Decimal Classification
Koha [default] item type كتاب
المقتنيات
حالة الفقد نموذج السعر الفعال حالة تلف ليس للاعارة رقم الطلب تاريخ الاكتساب الموقع الحالي الباركود الفرع الرئيسي Date last seen نوع المادة فى نظام كوها مصدر التصنيف او خطة الترفيف Total Checkouts Date last checked out مُعار
  2013-03-10     004.21 ب م ت 2012-08-05 المكتبة المركزية بالمجمعة (CL) 00088662 المكتبة المركزية بالمجمعة (CL) 2015-05-27 كتاب Dewey Decimal Classification 2 2015-05-27  
  2013-03-10     004.21 ب م ت 2012-08-05 المكتبة المركزية بالمجمعة (CL) 00088663 المكتبة المركزية بالمجمعة (CL) 2013-03-10 كتاب Dewey Decimal Classification      
  2013-03-10     004.21 ب م ت 2012-04-12 مكتبة كلية التمريض - طالبات (CNF) 00072511 مكتبة كلية التمريض - طالبات (CNF) 2013-04-24 كتاب Dewey Decimal Classification 1 2013-02-26  
  2013-03-10     004.21 ب م ت 2012-04-12 مكتبة كلية التمريض - طالبات (CNF) 00072512 مكتبة كلية التمريض - طالبات (CNF) 2013-03-10 كتاب Dewey Decimal Classification      
  2013-03-10     004.21 ب م ت 2012-04-09 مكتبة مجمع الطالبات بالمجمعة (EMF) 00072642 مكتبة مجمع الطالبات بالمجمعة (EMF) 2013-03-10 كتاب Dewey Decimal Classification      
  2013-03-10     004.21 ب م ت 2012-04-09 مكتبة مجمع الطالبات بالمجمعة (EMF) 00072643 مكتبة مجمع الطالبات بالمجمعة (EMF) 2017-11-16 كتاب Dewey Decimal Classification 1 2017-11-16 2017-12-16
  2013-03-10     004.21 ب م ت 2011-12-07 مكتبة مجمع الكليات بالزلفى - طلاب (SZM) 00072226 مكتبة مجمع الكليات بالزلفى - طلاب (SZM) 2013-03-10 كتاب Dewey Decimal Classification      
  2013-03-10     004.21 ب م ت 2011-12-07 مكتبة مجمع الكليات بالزلفى - طلاب (SZM) 00072225 مكتبة مجمع الكليات بالزلفى - طلاب (SZM) 2013-03-10 كتاب Dewey Decimal Classification